10 Most Guessed Countries that Start with M - Statistics

General Stats
  • This quiz has been taken 1,445 times
  • The average score is 8 of 10
Answer Stats
# of Letters Answer % Correct
6 Mexico
95%
4 Mali
88%
7 Morocco
78%
8 Malaysia
75%
6 Monaco
75%
8 Mongolia
72%
10 Montenegro
70%
7 Myanmar
67%
5 Malta
66%
7 Moldova
65%
No matching quizzes found
Score Distribution
Percent of People with Each Score
Percentile by Number Answered
Your Score History
You have not taken this quiz